| 000 | 00595nam a2200229Ia 4500 | ||
|---|---|---|---|
| 003 | OSt | ||
| 005 | 20230517123209.0 | ||
| 008 | 210423s2013 xx 000 0 und d | ||
| 020 | _a978-81-261-5342-8 | ||
| 040 | _cAL | ||
| 041 | _aeng | ||
| 082 |
_a574.192 _223 _bKUMC |
||
| 100 |
_aKUMAR (Uday) _9106577 |
||
| 245 | _aConcepts in bio organic chemistry | ||
| 260 |
_aNew Delhi _bAnmol Publications _c2013 |
||
| 300 |
_a200 _bHB |
||
| 365 |
_b1200 _cINR |
||
| 650 |
_aBiochemistry _9106578 |
||
| 650 |
_aBiology _9106579 |
||
| 906 | _abioorganic ; chemistry ; Concepts | ||
| 942 |
_2ddc _cBK |
||
| 999 |
_c166594 _d166594 |
||